000 00627nas a2200217 4500
001 BR9504387
003 BR-BrBNA
005 20231205094407.0
007 ta
008 230509b bl.|||p| |||| 00| 00por d
040 _aBR-BrBNA
_bpor
_cBiblioteca Nacional de Agricultura
041 _a(Pt)
072 _aP06
100 1 _aEscobar, R.
245 1 _aEnergia eolica. para ter mais agua, aposte no catavento
650 _aCata-Vento
650 _aEnergia Eolica
773 0 _tGranja (Brazil)
_xISSN 0367-505X
_g(Mar 1995), v. 51(556) p. 44-45
_wBR9504387
909 _a202311
_bLúcia
_c55
_dLúcia Elande
942 _2AGRIS
_n0
_cANA
999 _c144016
_d144016